000 00365nam a2200157Ia 4500
003 OSt
005 20240321160543.0
008 170524s9999 xx 000 0 und d
020 _a9789352705320
040 _cIIMTU MEERUT
100 _aGhai -C.L.
245 2 _aA Textbook of Practical Physiology
260 _bJaypee Brothers
260 _c1999
942 _2ddc
_c02
999 _c6531
_d6531